000 01008nam a2200241 a 4500
001 000918667
003 AM-YEHGA
005 20250617160622.0
008 121009s1961 un r 000 0 rus d
040 _aAM-YeHGA
041 0 _arus
100 1 _aГерасимов, Сергей Михайлович
245 1 0 _aРасчет полупроводниковых усилителей и генераторов /
_cС. М. Герасимов, И. Н. Мигулин, В. Н. Яковлев.
250 _a3-е изд.
260 _aКиев :
_bГостехиздат УССР,
_c1961.
300 _a431 с. :
_bчерт. ;
_c21 см.
504 _aБиблиогр. : с. 425-427
653 0 _aУсилители полупроводниковые - Расчет
653 0 _aГенераторы полупроводниковые - Расчет
700 1 _aМигулин, Игорь Николаевич
700 1 _aЯковлев, Василий Николаевич
090 _c459957
999 _c456922
_d456922